| 000 | 02435cam a22006254i 4500 | ||
|---|---|---|---|
| 003 | PE-LiUPU | ||
| 005 | 20250731170402.0 | ||
| 008 | 150617s1971 ag r 000 0 spa d | ||
| 035 | _a(Sirsi) a12080 | ||
| 040 |
_aPE-LiUPU _bspa _cPE-LiUPU _dPE-LiUPU _erda |
||
| 049 | _aPRUA | ||
| 082 | 0 | 4 |
_a158.08 _bP/ H76 _221 |
| 100 | 1 |
_aHorney, Karen, _eautor. |
|
| 245 | 1 | 0 |
_aNuestros conflictos interiores : _buna teoría constructiva sobre la neurosis / _cKaren Horney. |
| 264 | 1 |
_aBuenos Aires : _bEditorial Psique, _c1971. |
|
| 300 |
_a237 páginas ; _c20 centímetros |
||
| 336 |
_atext _2rdacontent |
||
| 337 |
_aunmediated _2rdamedia |
||
| 338 |
_avolume _2rdacarrier |
||
| 505 | 0 | _aEl acerbo de los conflictos neuróticos -- El conflicto básico -- Movimiento hacia la gente -- Movimiento contra la gente -- Movimiento de alejamiento de la gente -- La imágen idealizada -- Exteorización -- Los miedos -- Empobrecimiento de la personalidad -- La falta de esperanza -- Tendencias sádicas. | |
| 526 | _aSEG68 | ||
| 526 | _aSEG70 | ||
| 526 | _aSEG69 | ||
| 526 | _aSEG67 | ||
| 526 | _aSEG43 | ||
| 526 | _aP144 | ||
| 526 | _aP143 | ||
| 526 | _aP131 | ||
| 526 | _aP122 | ||
| 526 | _aP120 | ||
| 526 | _aP117 | ||
| 526 | _aP112 | ||
| 526 | _aP110 | ||
| 526 | _aP106 | ||
| 526 | _aP101 | ||
| 526 | _aP80 | ||
| 526 | _aP59 | ||
| 526 | _aP54 | ||
| 526 | _aP35 | ||
| 526 | _aP33 | ||
| 526 | _aP30 | ||
| 650 | 0 | 4 | _aDepreción mental. |
| 650 | 0 | 4 | _aNeurosis. |
| 650 | 0 | 4 | _aTranstornos mentales. |
| 910 |
_ajck _bjvq _cjck _d20150616 |
||
| 942 |
_2ddc _cBOOK |
||
| 949 |
_a158.08 P/ H76 _wDEWEY _c1 _i14120 _lCCODEBUL1 _mBUL _p00.00 _r0 _sY _tBOOK _u19750908 _xBIBLIOTECA _zUNKNOWN _0COMPRA _o.STAFF. Colección Ciencias de la Salud |
||
| 949 |
_a158.08 P/ H76 _wDEWEY _c2 _i05394 _lCCODEBUL1 _mBUL _p00.00 _r0 _sY _tBOOK _u19750908 _xBIBLIOTECA _zUNKNOWN _0COMPRA _o.STAFF. Colección general |
||
| 994 |
_aC0 _bPEPRU |
||
| 596 | _a1 | ||
| 999 |
_a158.08 P/ H76 _wDEWEY _c2299 _i14120 _d2299 _e2016-9-27 _f2021-11-3 _g5 _lCCODEBUL1 _mBUL _n1 _p25.00 _r0 _sY _tBOOK _u2015-6-17 _xSALUD _zUNKNOWN _0COMPRA _o.STAFF. Colección Ciencias de la Salud |
||
| 999 |
_a158.08 P/ H76 _wDEWEY _c2 _i05394 _d2019-1-22 _f2019-12-9 _g4 _lDISCARD _mBUL _q1 _r1 _sY _tBOOK _u2015-6-17 _xSALUD _zUNKNOWN _0COMPRA _o.STAFF. Colección general |
||
| 980 |
_81 _gALBERTO SANCHEZ Responsable de Automatización |
||